Detalles MARC
| 000 -CABECERA |
| campo de control de longitud fija |
02599cam a22003492u 4500 |
| 001 - NÚMERO DE CONTROL |
| campo de control |
991009870089708606 |
| 003 - IDENTIFICADOR DEL NÚMERO DE CONTROL |
| campo de control |
SpMaBN |
| 005 - FECHA Y HORA DE LA ÚLTIMA TRANSACCIÓN |
| campo de control |
20250917134942.0 |
| 006 - CÓDIGOS DE INFORMACIÓN DE LONGITUD FIJA--CARACTERÍSTICAS DEL MATERIAL ADICIONAL |
| campo de control de longitud fija |
m |o d |
| 007 - CAMPO FIJO DE DESCRIPCIÓN FÍSICA--INFORMACIÓN GENERAL |
| campo de control de longitud fija |
cr |n |||||||| |
| 008 - DATOS DE LONGITUD FIJA--INFORMACIÓN GENERAL |
| campo de control de longitud fija |
180420s2012 sp |||||o|||| ||| ||spa d |
| 020 ## - NÚMERO INTERNACIONAL ESTÁNDAR DEL LIBRO |
| Número Internacional Estándar del Libro |
9789501201666 |
| 035 ## - NÚMERO DE CONTROL DEL SISTEMA |
| Número de control de sistema |
(ES-BaLIB)9788423412938 |
| 035 ## - NÚMERO DE CONTROL DEL SISTEMA |
| Número de control de sistema |
(SpMaBN)a6159314 |
| 040 ## - FUENTE DE LA CATALOGACIÓN |
| Centro catalogador/agencia de origen |
ES-BaLIB |
| Lengua de catalogación |
spa |
| Centro/agencia transcriptor |
SpMaBN |
| Centro/agencia modificador |
SpMaBN |
| Normas de descripción |
local |
| 041 ## - CÓDIGO DE LENGUA |
| Código de lengua del texto/banda sonora o título independiente |
spa |
| Código de lengua original |
ger |
| 082 ## - NÚMERO DE LA CLASIFICACIÓN DECIMAL DEWEY |
| Número de clasificación |
330 F48e 2016 |
| 100 1# - ENTRADA PRINCIPAL--NOMBRE DE PERSONA |
| Autor Personal |
Felber, Christian |
| Fechas asociadas al autor |
1972- |
| 245 13 - MENCIÓN DE TÍTULO |
| Título |
La economía del bien común : |
| Resto del título |
un modelo económico que supera la dicotomía entre capitalismo y comunismo para maximizar el bienestar de nuestra sociedad / |
| Mención de responsabilidad, etc. |
Felber, Christian; prólogo Juan Carlos Cubeiro; traducción Silvia Yusta |
| 260 ## - PUBLICACIÓN, DISTRIBUCIÓN, ETC. |
| Lugar de publicación, distribución, etc. |
Buenos Aires : |
| Nombre del editor, distribuidor, etc. |
Paidós, |
| Fecha de publicación, distribución, etc. |
2016 |
| 300 ## - DESCRIPCIÓN FÍSICA |
| Extensión |
286 páginas |
| 504 ## - NOTA DE BIBLIOGRAFÍA, ETC. |
| Nota de bibliografía, etc. |
Incluye bibliografía |
| 520 3# - SUMARIO, ETC. |
| Sumario, etc. |
Cada vez más personas son conscientes de que actualmente no vivimos una crisis económica o financiera aislada, sino que las burbujas económicas especulativas, el desempleo, la desigualdad, el cambio climático, las hambrunas, la crisis de valores y, en lo más profundo, la crisis de la democracia, están relacionados y son síntomas de una crisis general del sistema económico. Los representantes de la población sostienen que «no hay ninguna alternativa». Sin embargo, en este libro Christian Felber demuestra que hay alternativas al sistema económico y financiero actual. La pregunta decisiva es: ¿En qué dirección queremos ir? ¿Debe la economía ser más ecológica y sostenible? ¿Debe ser más justa en el reparto? ¿Debe la dignidad de los ciudadanos ocupar un lugar central y cada persona tener derecho de decisión? ¿Se debe incentivar y premiar los valores que sostienen las relaciones humanas: honestidad, empatía, confianza, estima…? ¿Debe la economía medir la utilidad social, que es aquello que necesita primordialmente el ser humano, para sentirse satisfecho y feliz? La economía del bien común responde. Debe y es posible. ¡Hay una alternativa! |
| 530 ## - NOTA DE FORMATO FÍSICO ADICIONAL DISPONIBLE |
| Nota de formato físico adicional disponible |
Publicado también como texto impreso |
| 650 ## - PUNTO DE ACCESO ADICIONAL DE MATERIA--TÉRMINO DE MATERIA |
| Fuente del encabezamiento o término |
Sears |
| Término de materia o nombre geográfico como elemento de entrada |
Economía |
| Subdivisión geográfica |
España |
| 700 1# - PUNTO DE ACCESO ADICIONAL--NOMBRE DE PERSONA |
| Autor secundario (Nombre de persona) |
Yusta, Silvia |
| Rol del Coautor |
traductor |
| 776 ## - ENTRADA/ENLACE A UN FORMATO FÍSICO ADICIONAL |
| Título |
La economía del bien común |
| Descripción física |
331 p. |
| Número Internacional Estándar del Libro |
978-84-234-2089-6 |
| Número de control del registro |
991053175479708606 |
| 856 40 - LOCALIZACIÓN Y ACCESO ELECTRÓNICOS |
| Identificador Uniforme del Recurso |
http://repositorio.dl-e.es/epub.vm?id=0000016035.epub |
| Texto de enlace |
Acceso electrónico |
| Nota pública |
Acceso y/o uso restringido, disponible sólo desde la Biblioteca Nacional de España y los centros de conservación |
| 901 ## - ELEMENTOS DE DATOS A LOCAL LDA (RLIN) |
| a |
Libranda 08 |
| -- |
Depósito legal electrónico |
| 942 ## - ELEMENTOS DE PUNTO DE ACCESO ADICIONAL (KOHA) |
| Fuente del sistema de clasificación o colocación |
Dewey Decimal Classification |
| Tipo de ítem Koha |
Libros |
| Catalogador |
Elizabeth Figueroa |
| 956 ## - LOCALIZACIÓN Y ACCESO ELECTRÓNICOS LOCAL (OCLC) |
| Nombre del host |
1 |